| 000 | 00722nam a2200217 i 4500 | ||
|---|---|---|---|
| 001 | 186051 | ||
| 003 | ES-MaACL | ||
| 005 | 20250716090845.0 | ||
| 008 | 160906s1965 sp |||| | spa d | ||
| 245 | 0 | 3 |
_aEl pueblo de Dios / _ctraducción, revisión, sistematización y publicación... de ISPA. |
| 260 |
_aBarcelona : _bEstela, _c1965. |
||
| 300 |
_a280 p. ; _c23 cm. |
||
| 490 | 1 |
_aColección DO-C ; _v6 |
|
| 650 | 4 |
_aLaicado- _xIglesia Católica. _9160724 |
|
| 650 | 0 | 4 |
_aApostolado seglar _99923 |
| 650 |
_aSacerdocio. _9143867 |
||
| 710 | 0 |
_aInstituto de Sociología y Pastoral Aplicadas (Barcelona) _95011 |
|
| 830 | 0 |
_aColección DO-C ; _v6 _9192471 |
|
| 852 |
_aES-MaACL _jE-4740 |
||
| 999 |
_c186051 _d186051 |
||